[Event "17th Karpov Poikovsky"]
[Site "Poikovsky RUS"]
[Date "2016.07.30"]
[EventDate "2016.07.22"]
[Round "7"]
[Result "1/2-1/2"]
[White "Emil Sutovsky"]
[Black "Maxim Matlakov"]
[WhiteElo "2622"]
[BlackElo "2684"]
[PlyCount "45"]

1. e4 e5 2. Nf3 Nc6 3. Bb5 a6 4. Ba4 Nf6 5. O-O Be7 6. Re1 b5
7. Bb3 d6 8. c3 O-O 9. d4 Bg4 10. Be3 Bh5 11. Nbd2 Na5
12. dxe5 dxe5 13. h3 Nxb3 14. Qxb3 Nd7 15. Qd5 Bd6 16. a4 Nf6
17. Qd3 b4 18. c4 Nd7 19. Qd5 Qe7 20. Bg5 Qe8 21. Be3 Qe7
22. Bg5 Qe8 23. Be3 1/2-1/2

[Event "17th Karpov Poikovsky"]
[Site "Poikovsky RUS"]
[Date "2016.07.30"]
[EventDate "2016.07.22"]
[Round "7"]
[Result "1-0"]
[White "Dmitry Jakovenko"]
[Black "Viktor Bologan"]
[WhiteElo "2712"]
[BlackElo "2654"]
[PlyCount "41"]

1. d4 Nf6 2. c4 e6 3. Nf3 b6 4. Nc3 Bb7 5. a3 d5 6. cxd5 Nxd5
7. Qc2 Nxc3 8. bxc3 c5 9. e4 Nc6 10. Bd3 Rc8 11. d5 exd5
12. exd5 Qxd5 13. O-O Be7 14. Rd1 Rd8 15. Bg5 Qd6 16. Bb5 Qc7
17. Rxd8+ Kxd8 18. Rd1+ Ke8 19. Qe4 f6 20. Bf4 Qc8 21. Rd6 1-0

[Event "17th Karpov Poikovsky"]
[Site "Poikovsky RUS"]
[Date "2016.07.30"]
[EventDate "2016.07.22"]
[Round "7"]
[Result "1-0"]
[White "Ilya Smirin"]
[Black "Alexander Motylev"]
[WhiteElo "2676"]
[BlackElo "2660"]
[PlyCount "79"]

1. e4 e5 2. Nf3 Nc6 3. Bc4 Nf6 4. d3 Bc5 5. O-O d6 6. c3 h6
7. a4 a5 8. Nbd2 O-O 9. Re1 Ne7 10. Nf1 Ng6 11. Ng3 c6 12. Ba2
Ba7 13. d4 Bg4 14. h3 Bxf3 15. Qxf3 exd4 16. Nf5 Ne5 17. Qd1
dxc3 18. bxc3 Bc5 19. Bf4 Qd7 20. Qc2 Rae8 21. Rad1 Kh8
22. Bb1 Qe6 23. Ba2 Qd7 24. Be3 Bxe3 25. Rxd6 Qc7 26. Rxe3 Nh5
27. Qd1 Nf4 28. g3 Nxh3+ 29. Kg2 Nxf2 30. Kxf2 Rd8 31. Rd4 Qb6
32. Kg2 g6 33. Nh4 h5 34. Nf3 Ng4 35. Re2 Kg7 36. Qd2 c5
37. Rxd8 Rxd8 38. Qf4 Rd7 39. Ne5 Re7 40. Nxg4 1-0

[Event "17th Karpov Poikovsky"]
[Site "Poikovsky RUS"]
[Date "2016.07.30"]
[EventDate "2016.07.22"]
[Round "7"]
[Result "1-0"]
[White "Dmitry Andreikin"]
[Black "Anton Korobov"]
[WhiteElo "2733"]
[BlackElo "2656"]
[PlyCount "121"]

1. e4 e6 2. d4 d5 3. Nd2 c5 4. Ngf3 Nc6 5. exd5 exd5 6. Bb5
Bd6 7. dxc5 Bxc5 8. Nb3 Bb6 9. Bg5 Nge7 10. Qe2 Qd6 11. Be3
O-O 12. O-O Bg4 13. Bxb6 axb6 14. h3 Bh5 15. Rfe1 Qf6 16. g4
Bg6 17. c3 Be4 18. Nbd2 Bg6 19. Qe3 Nc8 20. Ne5 Nxe5 21. Qxe5
Qh4 22. Bf1 Na7 23. Nf3 Qd8 24. Rad1 Nc6 25. Qxd5 Qf6 26. Bg2
Ra5 27. Qd7 h5 28. Re8 Rxe8 29. Qxe8+ Kh7 30. Qe3 hxg4
31. hxg4 Bc2 32. Rd2 Bb1 33. a3 Ne5 34. Ng5+ Kg6 35. Ne4 Nxg4
36. Nxf6 Nxe3 37. fxe3 Kxf6 38. Rd6+ Ke5 39. Rxb6 Be4 40. b4
Rd5 41. Bxe4 Kxe4 42. Rxb7 f5 43. Kf2 Rd2+ 44. Kg3 Ra2
45. Re7+ Kd3 46. Kf4 Kxc3 47. Kxf5 Rxa3 48. Rxg7 Kxb4 49. e4
Kc5 50. Rd7 Kc6 51. Rd1 Rh3 52. e5 Rh5+ 53. Kf6 Rh6+ 54. Kf7
Rh7+ 55. Kg6 Rh2 56. e6 Kc7 57. e7 Rg2+ 58. Kf7 Rf2+ 59. Ke8
Re2 60. Rc1+ Kb7 61. Rf1 1-0

[Event "17th Karpov Poikovsky"]
[Site "Poikovsky RUS"]
[Date "2016.07.30"]
[EventDate "2016.07.22"]
[Round "7"]
[Result "1/2-1/2"]
[White "Igor Kovalenko"]
[Black "Radoslaw Wojtaszek"]
[WhiteElo "2667"]
[BlackElo "2733"]
[PlyCount "197"]

1. c4 e5 2. Nc3 Bb4 3. Nd5 Bc5 4. e3 Nf6 5. b4 Be7 6. Nxe7
Qxe7 7. Bb2 O-O 8. Nf3 e4 9. Nd4 d6 10. f4 c5 11. bxc5 dxc5
12. Ne2 Nc6 13. Ng3 Ng4 14. Be2 Qh4 15. Bc3 b6 16. Kf1 Re8
17. Kg1 Bd7 18. a3 Rad8 19. Qe1 f6 20. h3 Nh6 21. Kh2 Bg4
22. Rf1 Bxe2 23. Qxe2 f5 24. Qe1 Re6 25. Nh1 Qxe1 26. Rfxe1 g6
27. Rg1 Na5 28. Bxa5 bxa5 29. Ra2 Nf7 30. Rc1 Rb6 31. g4 Rdb8
32. Rcc2 Rb1 33. Ng3 Nd6 34. Kg2 Kf7 35. Kf2 Ke6 36. g5 Rd1
37. Ke2 Rg1 38. Kf2 Rbb1 39. h4 a4 40. Rc3 Ra1 41. Rxa1 Rxa1
42. Ne2 Nb7 43. Nc1 Na5 44. Ke2 Rb1 45. Rc2 Nb3 46. Na2 Ra1
47. Kf2 Kd7 48. Rb2 Kc6 49. Rc2 Rd1 50. Ke2 Rh1 51. Nc3 Rh2+
52. Ke1 Nc1 53. Kf1 Nd3 54. Ra2 Rxh4 55. Kg2 h6 56. gxh6 Rxh6
57. Nxa4 g5 58. fxg5 Rg6 59. Ra1 Rxg5+ 60. Kh3 Ne5 61. Rc1 Nf3
62. Rc2 Kd6 63. Rb2 Rg8 64. Rb7 Nxd2 65. Rf7 Ke5 66. Rc7 Nf1
67. Rxc5+ Kf6 68. Nc3 Nxe3 69. Ne2 Rg2 70. Nf4 Rc2 71. Ra5 Rf2
72. Ra6+ Ke5 73. Ng6+ Kd4 74. Rxa7 Nxc4 75. Rd7+ Kc3 76. Rc7
e3 77. Kg3 Rf1 78. Nf4 Kb3 79. Ne2 Rf2 80. Nd4+ Kc3 81. Ne6
Ra2 82. Nf4 Kd4 83. Ne6+ Kd5 84. Nf4+ Kd4 85. Ne6+ Kc3 86. Nf4
Rc2 87. Rc5 Kd4 88. Rxf5 Nd2 89. Rf8 Nf1+ 90. Kg4 Rf2 91. Rd8+
Kc4 92. Rc8+ Kb3 93. Re8 Rd2 94. Re5 Kxa3 95. Nd5 Rg2+ 96. Kf3
Rf2+ 97. Kg4 Nh2+ 98. Kg3 Nf1+ 99. Kg4 1/2-1/2

[Event "17th Karpov Poikovsky"]
[Site "Poikovsky RUS"]
[Date "2016.07.31"]
[EventDate "2016.07.22"]
[Round "8"]
[Result "1/2-1/2"]
[White "Anton Korobov"]
[Black "Dmitry Jakovenko"]
[WhiteElo "2656"]
[BlackElo "2712"]
[PlyCount "37"]

1. d4 d5 2. c4 e6 3. Nc3 Nf6 4. Nf3 Be7 5. Bf4 O-O 6. e3 Nbd7
7. Be2 dxc4 8. Bxc4 a6 9. a4 c5 10. dxc5 Bxc5 11. O-O b6
12. Qd2 Bb7 13. Rfd1 Qe7 14. Ne5 Nxe5 15. Bxe5 Rfd8 16. Qe2 a5
17. h3 h6 18. Qc2 Rxd1+ 19. Rxd1 1/2-1/2

[Event "17th Karpov Poikovsky"]
[Site "Poikovsky RUS"]
[Date "2016.07.31"]
[EventDate "2016.07.22"]
[Round "8"]
[Result "1/2-1/2"]
[White "Alexander Motylev"]
[Black "Radoslaw Wojtaszek"]
[WhiteElo "2660"]
[BlackElo "2733"]
[PlyCount "31"]

1. e4 c5 2. Nf3 d6 3. d4 cxd4 4. Nxd4 Nf6 5. Nc3 a6 6. h3 e6
7. g4 h6 8. Bg2 Be7 9. h4 Nc6 10. g5 hxg5 11. hxg5 Rxh1+
12. Bxh1 Nh7 13. f4 Nxd4 14. Qxd4 e5 15. Qd3 exf4 16. Bxf4
1/2-1/2

[Event "17th Karpov Poikovsky"]
[Site "Poikovsky RUS"]
[Date "2016.07.31"]
[EventDate "2016.07.22"]
[Round "8"]
[Result "1/2-1/2"]
[White "Ilya Smirin"]
[Black "Emil Sutovsky"]
[WhiteElo "2676"]
[BlackElo "2622"]
[PlyCount "39"]

1. d4 Nf6 2. Nf3 g6 3. Bg5 Bg7 4. c3 c5 5. Nbd2 cxd4 6. cxd4
d6 7. e3 Bf5 8. Qb3 Nbd7 9. Qxb7 O-O 10. Qa6 Rb8 11. Bd3 Rb6
12. Qa3 Bxd3 13. Qxd3 Rxb2 14. O-O Qb8 15. Nc4 Rb4 16. Rfc1
Qb5 17. a3 Ra4 18. Nce5 Qxd3 19. Nxd3 h6 20. Bxf6 1/2-1/2

[Event "17th Karpov Poikovsky"]
[Site "Poikovsky RUS"]
[Date "2016.07.31"]
[EventDate "2016.07.22"]
[Round "8"]
[Result "1/2-1/2"]
[White "Maxim Matlakov"]
[Black "Dmitry Andreikin"]
[WhiteElo "2684"]
[BlackElo "2733"]
[PlyCount "51"]

1. d4 Nf6 2. c4 e6 3. g3 d5 4. Bg2 Be7 5. Nf3 O-O 6. O-O dxc4
7. Qc2 a6 8. a4 Bd7 9. Qxc4 Bc6 10. Bg5 Bd5 11. Qc2 Be4
12. Qd1 h6 13. Bxf6 Bxf6 14. Nc3 Bxf3 15. Bxf3 c6 16. e3 a5
17. Qe2 Na6 18. Rfd1 Nb4 19. Ne4 Qe7 20. Rac1 Rfd8 21. Rc5 g6
22. Bg2 Bg7 23. f4 Rd5 24. Rcc1 Rc8 25. b3 Rdd8 26. h4 1/2-1/2

[Event "17th Karpov Poikovsky"]
[Site "Poikovsky RUS"]
[Date "2016.07.31"]
[EventDate "2016.07.23"]
[Round "8.4"]
[Result "1-0"]
[White "Viktor Bologan"]
[Black "Igor Kovalenko"]
[WhiteElo "2654"]
[BlackElo "2667"]
[PlyCount "165"]

1. e4 e6 2. d3 d5 3. Qe2 Nf6 4. Nf3 Be7 5. g3 b6 6. Bg2 Bb7
7. e5 Nfd7 8. O-O b5 9. c4 bxc4 10. dxc4 Nb6 11. b3 O-O
12. Rd1 a5 13. Be3 N8d7 14. Nc3 Qc8 15. cxd5 Nxd5 16. Rac1 Ba3
17. Rc2 Ba6 18. Qe1 N7b6 19. Bxb6 cxb6 20. Nd4 Nxc3 21. Rxc3
Bc5 22. a3 Qe8 23. Bxa8 Qxa8 24. Nc2 Qc6 25. Rd6 Qb7 26. Rxc5
bxc5 27. Ne3 h5 28. Qxa5 Be2 29. Rd8 Rxd8 30. Qxd8+ Kh7
31. Qd2 Qf3 32. Qc2+ g6 33. h4 Ba6 34. a4 Bb7 35. Kf1 Be4
36. Qc3 Bb7 37. Qc4 Qc6 38. Ke1 Ba6 39. Qf4 Qb7 40. Kd2 Qd7+
41. Kc1 Kg8 42. Kb2 Qc7 43. Kc2 Kf8 44. Nd1 Kg8 45. Nb2 Qb7
46. Nc4 Qd5 47. Nd6 Bd3+ 48. Kb2 Bf5 49. Qe3 Kf8 50. a5 Qc6
51. Qc3 Bg4 52. Qc4 Kg7 53. Ne4 Bf3 54. Nxc5 Bd5 55. Qb4 Bh1
56. Ka3 Qd5 57. Qc3 Qd1 58. Kb4 Qe2 59. f4 Bg2 60. a6 Qd1
61. Ka3 Qd8 62. b4 Bf1 63. Qf3 Bc4 64. Qe4 Bd5 65. Qd3 Qb6
66. Na4 Qc7 67. Qc3 Qa7 68. b5 Qf2 69. Kb4 Qf1 70. Ka5 Bc4
71. Qb4 Qe2 72. Nc3 Qd3 73. a7 Qd8+ 74. b6 Bf1 75. Qc5 Bg2
76. Qd6 Qa8 77. Qc7 g5 78. hxg5 Kg6 79. Nb5 Qe4 80. b7 Qe1+
81. Qc3 Qxc3+ 82. Nxc3 Bxb7 83. Nb5 1-0

[Event "17th Karpov Poikovsky"]
[Site "Poikovsky RUS"]
[Date "2016.08.01"]
[EventDate "2016.07.22"]
[Round "9"]
[Result "1/2-1/2"]
[White "Dmitry Jakovenko"]
[Black "Maxim Matlakov"]
[WhiteElo "2712"]
[BlackElo "2684"]
[PlyCount "57"]

1. e4 e5 2. Nf3 Nc6 3. Bc4 Bc5 4. O-O Nf6 5. d3 d6 6. a4 h6
7. c3 a6 8. Na3 O-O 9. b4 Ba7 10. Bb3 Ne7 11. Nc2 Ng6 12. Be3
Bxe3 13. Nxe3 Re8 14. Qc2 Ng4 15. Qa2 Rf8 16. h3 Nxe3 17. fxe3
Qe7 18. Rf2 Be6 19. Bxe6 fxe6 20. Raf1 Rf6 21. a5 Raf8 22. c4
Nh4 23. Ne1 c6 24. Qe2 Rxf2 25. Rxf2 Rxf2 26. Qxf2 Ng6 27. Nf3
Nf8 28. d4 Nd7 29. dxe5 1/2-1/2

[Event "17th Karpov Poikovsky"]
[Site "Poikovsky RUS"]
[Date "2016.08.01"]
[EventDate "2016.07.22"]
[Round "9"]
[Result "0-1"]
[White "Igor Kovalenko"]
[Black "Anton Korobov"]
[WhiteElo "2667"]
[BlackElo "2656"]
[PlyCount "52"]

1. c4 e6 2. Nc3 d5 3. d4 c6 4. e3 Nd7 5. Qc2 a6 6. Nf3 f5
7. b3 Bd6 8. Bd3 Nh6 9. Bb2 Qe7 10. h3 O-O 11. c5 Bc7 12. Na4
Nf7 13. Nd2 e5 14. Bxf5 e4 15. Nxe4 dxe4 16. Qxe4 Qg5
17. Bxh7+ Kh8 18. h4 Qh6 19. Bg6 Nf6 20. Qe7 Ba5+ 21. Bc3 Kg8
22. Bxa5 Qxg6 23. Nb6 Bg4 24. Qc7 Qd3 25. f3 Qxe3+ 26. Kf1 Bf5
0-1

[Event "17th Karpov Poikovsky"]
[Site "Poikovsky RUS"]
[Date "2016.08.01"]
[EventDate "2016.07.22"]
[Round "9"]
[Result "1/2-1/2"]
[White "Dmitry Andreikin"]
[Black "Ilya Smirin"]
[WhiteElo "2733"]
[BlackElo "2676"]
[PlyCount "100"]

1. e4 c5 2. Nf3 d6 3. d4 cxd4 4. Nxd4 Nf6 5. Nc3 Nc6 6. Bg5 e6
7. Qd2 Be7 8. O-O-O O-O 9. f4 h6 10. Bh4 e5 11. Nf5 Bxf5
12. exf5 exf4 13. Kb1 d5 14. Bxf6 Bxf6 15. Nxd5 Be5 16. Bc4 b5
17. Be2 Nd4 18. Bf3 Nxf5 19. Qb4 Bd6 20. Qxb5 Qg5 21. Rhe1 Ne3
22. h4 Qe5 23. Qa6 Rab8 24. c3 Rfd8 25. Nxe3 fxe3 26. Ka1 Bc5
27. Qc4 Bb6 28. a4 Rdc8 29. Qb5 Qf6 30. Re2 Qxh4 31. Bd5 Qh5
32. Bf3 Qh4 33. Rd7 Kh8 34. Rxf7 Rc5 35. Qd7 Rc7 36. Qd6 Qxa4+
37. Kb1 Rxf7 38. Qxb8+ Kh7 39. Qe5 g6 40. Re1 Qf4 41. Qxf4
Rxf4 42. Kc2 g5 43. b4 Kg6 44. Kd3 Kf5 45. c4 g4 46. Bb7 Rd4+
47. Kc3 Kf4 48. c5 Rd7 49. Bc6 Rc7 50. g3+ Kf5 1/2-1/2

[Event "17th Karpov Poikovsky"]
[Site "Poikovsky RUS"]
[Date "2016.08.01"]
[EventDate "2016.07.22"]
[Round "9"]
[Result "1-0"]
[White "Radoslaw Wojtaszek"]
[Black "Viktor Bologan"]
[WhiteElo "2733"]
[BlackElo "2654"]
[PlyCount "105"]

1. d4 Nf6 2. c4 c5 3. d5 b5 4. cxb5 a6 5. bxa6 g6 6. Nc3 Bg7
7. e4 O-O 8. Be2 Qa5 9. Bd2 d6 10. a7 Qxa7 11. Nf3 Ba6 12. O-O
Bxe2 13. Qxe2 Qa6 14. Qd1 Qd3 15. Ne1 Qa6 16. Qc2 Nbd7 17. Nf3
Ng4 18. a4 Qc4 19. b3 Qa6 20. h3 Nge5 21. Nxe5 Bxe5 22. Rfb1
f5 23. a5 fxe4 24. Qxe4 Nf6 25. Qc4 Bd4 26. Be1 Rfb8 27. Ra4
Bxc3 28. Qxc3 Nxd5 29. Qf3 e6 30. Re4 Qc8 31. Rd1 Qd7 32. Qg4
Nc7 33. b4 cxb4 34. Bxb4 d5 35. Bc3 Nb5 36. Bb2 Nd6 37. Rxe6
Nf5 38. Rb6 Rxb6 39. axb6 Qb5 40. Qf3 Rd8 41. Bf6 Rd7 42. Qc3
d4 43. Qc8+ Kf7 44. Bg5 h6 45. Bf4 Re7 46. Bc7 Qc6 47. Rb1 h5
48. Qa6 Nh4 49. Qf1 d3 50. b7 d2 51. b8=Q Re1 52. Qb3+ Kf6
53. Bd8+ 1-0

[Event "17th Karpov Poikovsky"]
[Site "Poikovsky RUS"]
[Date "2016.08.01"]
[EventDate "2016.07.23"]
[Round "9.5"]
[Result "1/2-1/2"]
[White "Emil Sutovsky"]
[Black "Alexander Motylev"]
[WhiteElo "2622"]
[BlackElo "2660"]
[PlyCount "150"]

1. e4 c6 2. d4 d5 3. Nc3 dxe4 4. Nxe4 Bf5 5. Ng3 Bg6 6. Nf3
Nd7 7. Bd3 Ngf6 8. Bxg6 hxg6 9. O-O e6 10. c4 Be7 11. Bf4 O-O
12. a4 a5 13. Re1 Re8 14. Re3 b5 15. axb5 cxb5 16. d5 exd5
17. cxd5 Ng4 18. Re2 Bc5 19. Rxe8+ Qxe8 20. Nd4 Ndf6 21. Rc1
Rc8 22. d6 Bxd4 23. Qxd4 Rxc1+ 24. Bxc1 Qe1+ 25. Nf1 Qxc1
26. d7 Nxd7 27. Qxd7 Qg5 28. Qe8+ Kh7 29. Qxf7 Qf6 30. Qa7
Qxb2 31. h3 Nf6 32. Qxa5 b4 33. Qg5 b3 34. Qh4+ Nh5 35. Ng3
Qa1+ 36. Kh2 Qe5 37. Qb4 b2 38. Kh1 Nf4 39. Kh2 g5 40. Qb3 g6
41. Qb7+ Qg7 42. Qb8 Qd4 43. Qb7+ Kh6 44. Ne4 Nd3 45. Qe7 Qe5+
46. Qxe5 Nxe5 47. Nc3 Kg7 48. Kg3 Nd3 49. Kf3 Kf6 50. g3 Ke5
51. Ke3 Nb4 52. Nb1 Kd5 53. f4 Kc4 54. Nd2+ Kc3 55. fxg5 Nc2+
56. Ke2 Nd4+ 57. Kd1 Kd3 58. h4 Nf5 59. h5 Ne3+ 60. Ke1 Nc2+
61. Kd1 Ne3+ 62. Ke1 Nc4 63. Nb1 Kc2 64. hxg6 Kxb1 65. g7 Kc2
66. g8=Q b1=Q+ 67. Kf2 Qb6+ 68. Kg2 Qc6+ 69. Kf2 Qc5+ 70. Kg2
Qc6+ 71. Kf2 Qc5+ 72. Kg2 Kd2 73. Qe6 Ne3+ 74. Kf3 Qxg5
75. Qd6+ Qd5+ 1/2-1/2